<?xml version="1.0" encoding="UTF-8"?><?xml-stylesheet type="text/xsl" href="static/style.xsl"?><OAI-PMH xmlns="http://www.openarchives.org/OAI/2.0/" xmlns:xsi="http://www.w3.org/2001/XMLSchema-instance" xsi:schemaLocation="http://www.openarchives.org/OAI/2.0/ http://www.openarchives.org/OAI/2.0/OAI-PMH.xsd"><responseDate>2026-04-14T03:01:56Z</responseDate><request verb="GetRecord" identifier="oai:www.recercat.cat:2445/152739" metadataPrefix="marc">https://recercat.cat/oai/request</request><GetRecord><record><header><identifier>oai:recercat.cat:2445/152739</identifier><datestamp>2025-11-19T20:34:19Z</datestamp><setSpec>com_2072_1057</setSpec><setSpec>col_2072_478796</setSpec><setSpec>col_2072_478917</setSpec></header><metadata><record xmlns="http://www.loc.gov/MARC21/slim" xmlns:dcterms="http://purl.org/dc/terms/" xmlns:xsi="http://www.w3.org/2001/XMLSchema-instance" xmlns:doc="http://www.lyncode.com/xoai" xsi:schemaLocation="http://www.loc.gov/MARC21/slim http://www.loc.gov/standards/marcxml/schema/MARC21slim.xsd">
   <leader>00925njm 22002777a 4500</leader>
   <datafield ind2=" " ind1=" " tag="042">
      <subfield code="a">dc</subfield>
   </datafield>
   <datafield ind2=" " ind1=" " tag="720">
      <subfield code="a">Thiam, Abdoulaye</subfield>
      <subfield code="e">author</subfield>
   </datafield>
   <datafield ind2=" " ind1=" " tag="720">
      <subfield code="a">Salazar, Ricardo</subfield>
      <subfield code="e">author</subfield>
   </datafield>
   <datafield ind2=" " ind1=" " tag="720">
      <subfield code="a">Brillas, Enric</subfield>
      <subfield code="e">author</subfield>
   </datafield>
   <datafield ind2=" " ind1=" " tag="720">
      <subfield code="a">Sirés Sadornil, Ignacio</subfield>
      <subfield code="e">author</subfield>
   </datafield>
   <datafield ind2=" " ind1=" " tag="260">
      <subfield code="c">2020-03-13T12:04:50Z</subfield>
   </datafield>
   <datafield ind2=" " ind1=" " tag="260">
      <subfield code="c">2020-03-13T12:04:50Z</subfield>
   </datafield>
   <datafield ind2=" " ind1=" " tag="260">
      <subfield code="c">2018-03-01</subfield>
   </datafield>
   <datafield ind2=" " ind1=" " tag="260">
      <subfield code="c">2020-03-13T12:04:50Z</subfield>
   </datafield>
   <datafield ind2=" " ind1=" " tag="520">
      <subfield code="a">The treatment of 0.348 mM carbofuran solutions in 0.050 M Na2SO4 at pH 3.0 has been studied by electrochemical oxidation with electrogenerated H2O2 (EO-H2O2), electro-Fenton (EF) and photoelectro-Fenton (PEF). The trials were performed in a 2.5 L pre-pilot plant equipped with a filter-press cell, which contained a RuO2-based anode and an air-diffusion cathode, connected to an annular photoreactor with a 160 W UVA lamp in PEF. The oxidizing species were the ¿OH generated at the anode from water oxidation and in the bulk from Fenton's reaction between added Fe2+ and H2O2 produced at the cathode. The oxidation power of treatments rose in the order EO-H2O2 &lt;&lt; EF &lt; PEF, demonstrating the preponderant role of ¿OH in the bulk. The drug decay always obeyed a pseudo-first order kinetics. Similar TOC abatements of 82%-88% were found in PEF operating at different current densities and carbofuran concentrations, ascribed to the additional photolytic action of UVA light to remove photoactive intermediates, also allowing a gradual detoxification. In matrices with Cl-, active chlorine was also produced as oxidant and its quick reaction with carbofuran caused its faster decay at increasing Cl- content. However, lower mineralization was achieved because of the accumulation of recalcitrant chloroderivatives. GC-MS analysis of treated solutions with 0.070 M NaCl corroborated the formation of 6 chloroderivatives, whereas 5 heteroaromatics were detected in 0.050 M Na2SO4. Oxalic acid was accumulated in the latter medium since its Fe(III) complexes were stable in EF and rapidly mineralized by UVA light in PEF. The mineralization of urban wastewater spiked with carbofuran by PEF in the pre-pilot plant was partial due to the recalcitrant chloroderivatives formed from carbofuran and natural organic matter.</subfield>
   </datafield>
   <datafield tag="653" ind2=" " ind1=" ">
      <subfield code="a">Oxidació electroquímica</subfield>
   </datafield>
   <datafield tag="653" ind2=" " ind1=" ">
      <subfield code="a">Depuració d'aigües residuals</subfield>
   </datafield>
   <datafield tag="653" ind2=" " ind1=" ">
      <subfield code="a">Electrolytic oxidation</subfield>
   </datafield>
   <datafield tag="653" ind2=" " ind1=" ">
      <subfield code="a">Purification of sewage</subfield>
   </datafield>
   <datafield ind2="0" ind1="0" tag="245">
      <subfield code="a">Electrochemical advanced oxidation of carbofuran in aqueous sulfate and/or chloride media using a ﬂow cell with a RuO2-based anode and an air diﬀusion cathode at pre-pilot scale</subfield>
   </datafield>
</record></metadata></record></GetRecord></OAI-PMH>